At The Risk Of Feeling Dumb - Twenty One Pilots lyrics - Statistics

General Stats
  • This quiz has been taken 162 times
  • The average score is 348 of 396
Answer Stats
% Correct
a
100%
I
100%
me
100%
at
99%
At
99%
to
99%
you
99%
do
98%
don't
98%
Don't
98%
drop
98%
Drop
98%
not
98%
See
98%
want
98%
anyone
96%
my
96%
have
95%
know
95%
or
95%
lowesst
94%
lowest
94%
the
94%
friend
93%
this
91%
Even
89%
if
89%
If
89%
in
89%
by
88%
can
88%
feel
88%
nothin'
88%
say
88%
they
88%
time
88%
your
88%
dumb
87%
for
87%
For
87%
it
87%
risk
87%
feelin'
85%
Just
85%
of
85%
keep
84%
and
82%
be
82%
losin'
82%
anything
80%
Anything
80%
So
79%
so
79%
Check
78%
check
78%
never
78%
that
77%
worth
77%
fight
76%
please
76%
It's
74%
it's
74%
matching
74%
on
73%
plans
72%
hope
71%
Used
71%
Every
68%
while
67%
man
66%
once
66%
friends
63%
how
63%
energy
62%
mind
62%
Two
61%
Kawasaki
59%
seats
59%
Trying
59%
ejection
57%
forget
57%
real
57%
we're
56%
I'm
54%
close
51%
jets
51%
bein'
49%
sleepin'
49%
tees
49%
weapon
49%
fighter
46%
are
45%
conceal
45%
around
44%
night
44%
take
44%
lightly
43%
somethin'
43%
terrors
43%
Those
43%
270
41%
Z's
41%
'Bout
40%
sayin'
38%
Ride
35%
Stopping
30%
No matching quizzes found
Score Distribution
Percent of People with Each Score
Percentile by Number Answered
Your Score History
You have not taken this quiz